How to manage pressure before pressure manages you. (Record no. 16001)

000 -LEADER
fixed length control field 00575nam a2200181 a 4500
001 - CONTROL NUMBER
control field :::00018597$&:&@@
003 - CONTROL NUMBER IDENTIFIER
control field OkBaRHE
005 - DATE AND TIME OF LATEST TRANSACTION
control field 20100331143340.0
008 - FIXED-LENGTH DATA ELEMENTS--GENERAL INFORMATION
fixed length control field s1983 j 000 0 eng u
040 ## - CATALOGING SOURCE
Transcribing agency
100 1# - MAIN ENTRY--PERSONAL NAME
Personal name LaHaye, Tim F.
245 10 - TITLE STATEMENT
Title How to manage pressure before pressure manages you.
260 ## - PUBLICATION, DISTRIBUTION, ETC. (IMPRINT)
Place of publication, distribution, etc Grand Rapids, Michigan
Name of publisher, distributor, etc Zondervan
Date of publication, distribution, etc 1983
300 ## - PHYSICAL DESCRIPTION
Extent 208 p.
650 ## - SUBJECT ADDED ENTRY--TOPICAL TERM
Topical term or geographic name as entry element Stress (Psychology) @. Christian life.
942 ## - ADDED ENTRY ELEMENTS (KOHA)
Source of classification or shelving scheme
Koha item type Books
Copies
Barcode Full call number Copy number Date acquired Date last seen Koha item type Not for loan Damaged status Source of classification or shelving scheme Lost status Withdrawn status Shelving location Price effective from Permanent Location
18597BF 575 .S75 L2412010-04-142010-04-14Books     General Stacks2010-04-14RHEMA Bible Training College